Представление документа в формате MARC21

ПолеНазваниеЗначение
  Тип записи a
  Библиографический уровень m
001 Контрольный номер RU/URAIT/586533
005 Дата корректировки 20260429163710.4
008 Кодируемые данные 260429s2026 RU y f j 000 0 rus u
020 Индекс ISBN __
a ISBN 978-5-534-07933-3
c Цена, тираж 1709.00
040 Источник каталогиз. __
a Служба первич. каталог. ИКО Юрайт
c Служба, преобразующая запись ИКО Юрайт
e Правила каталог. RCR
041 Код языка издания __
a Код языка текста rus
044 Код страны публикации __
a Код страны публикации RU
080 Индекс УДК __
a Индекс УДК 008(075.8)
084 Индекс другой классификации/Индекс ББК __
2 Источник индекса rubbk
a Индекс другой классификации/Индекс ББК 71я73
100 Автор __
a Автор Нестерова О. А.
q Полное имя Нестерова Ольга Александровна
245 Заглавие __
a Заглавие Культурология, история культуры. Практикум
b Продолж. заглавия учебник для вузов
c Ответственность О. А. Нестерова.
250 Сведения об издании __
g испр. и доп
a Основные сведения об издании 2-е изд.
256 Характеристики компьютерного файла __
a Характеристики компьютерного файла Электрон. дан.
260 Выходные данные __
a Место издания Москва
b Издательство Юрайт
c Дата издания 2026
300 Физическое описание __
a Объем 319 с
440 Серия __
a Серия Высшее образование
500 Примечания __
a Примечание URL: https://urait.ru/bcode/586533 (дата обращения: 29.04.2026).
520 Аннотация __
a Аннотация Учебное пособие представляет собой «культурологический задачник», содержащий задачи разных типов: аналитические, творческие, экспертные и задачи-тесты. Все задания распределены по тематическим разделам и снабжены ключами к решению. Пособие позволит студенту систематизировать знания об основных закономерностях развития культуры; изучить особенности отдельных типов культуры в различных аспектах, существующих в современной культурологии, теории и истории культуры, социологии культуры. Цель пособия — стимулировать у студента интерес к самостоятельным исследованиям, а также помочь активизировать знания, полученные на лекциях и в ходе работы с литературой.
538 Прим. о системных особенностях __
a Прим. о системных особенностях Режим доступа: Электронно-библиотечная система Юрайт, для авториз. пользователей
653 Ключевые слова __
a Ключевые слова Культура. Культурология
653 Ключевые слова __
a Ключевые слова Гуманитарные науки
653 Ключевые слова __
a Ключевые слова Культурология
653 Ключевые слова __
a Ключевые слова История культуры
653 Ключевые слова __
a Ключевые слова Теория и история культуры
653 Ключевые слова __
a Ключевые слова Культурология (включая религиоведение и культурологические основы СМИ)
653 Ключевые слова __
a Ключевые слова История и теория культуры
653 Ключевые слова __
a Ключевые слова Основы культурологии
653 Ключевые слова __
a Ключевые слова Введение в культурологию
653 Ключевые слова __
a Ключевые слова Культуроведение. Общие вопросы
856 Электронный адрес документа 40
n Местонахождение сервера Юрайт
g Электронная книга
q Тип электронного формата html
h Имя пользователя ЮРАЙТ
v Часы доступа к ресурсу 20271231
2 Способ доступа Показать документ
x Служебное примечание https://urait.ru/book/cover/ED9CE6DE-9CAF-4956-AE60-106314E6B600
u URL https://urait.ru/bcode/586533
856 Электронный адрес документа 48
q Тип электронного формата cover
u URL https://urait.ru/book/cover/ED9CE6DE-9CAF-4956-AE60-106314E6B600
911 __
u 0030=https://urait.ru/bcode/586533
911 __
u 073a=9785534079333
u 073d=1709.00
911 __
u 106a=s
911 __
u 900l=
952 Тип литературы __
i Дисциплина Культурология
952 Тип литературы __
i Дисциплина История культуры
952 Тип литературы __
i Дисциплина Теория и история культуры
952 Тип литературы __
i Дисциплина Культурология (включая религиоведение и культурологические основы СМИ)
952 Тип литературы __
i Дисциплина История и теория культуры
952 Тип литературы __
i Дисциплина Основы культурологии
952 Тип литературы __
i Дисциплина Введение в культурологию
952 Тип литературы __
i Дисциплина Культуроведение. Общие вопросы